Kluby w których występują Polscy piłkarze #1 - Statystyki

Ogólne statystyki
  • Ten quiz został rozwiązany 364 razy
  • Średni wynik to 10 z 17
Statystyki odpowiedzi
Piłkarz Klub % Poprawnych
Robert Lewandowski Bayern Monachium
97%
Piotr Zieliński Napoli
95%
Łukasz Fabiański West Ham
90%
Paweł Wszołek Legia Warszawa
88%
Wojciech Szczęsny Juventus
87%
Jakub Błaszczykowski Wisła Kraków
83%
Mateusz Klich Leeds
71%
Dawid Kownacki Fortuna Dusseldorf
61%
Tomasz Kędziora Dynamo Kijów
59%
Maciej Rybus Lokomotiv Moskwa
57%
Artur Boruc Bournemouth
56%
Krzysztof Mączyński Śląsk Wrocław
52%
Przemysław Frankowski Chicago Fire
48%
Arkadiusz Reca Spal
41%
Michał Pazdan Ankaragucu
25%
Przemysław Tytoń Cincinnati
14%
Jakub Kosecki Adana Demirspor
3%
Nie znaleziono quizów pasujących do podanych kryteriów
Rozkład punktacji
Procent ludzi z każdym wynikiem
Percentyl według liczby udzielonych odpowiedzi
Twoja historia wyników
Nie rozwiązałeś tego quizu